000 00545nam a22002177a 4500
003 OSt
005 20210420062313.0
008 201126b1971 ||||| |||| 00| 0 eng d
040 _cDLC
041 _aeng
080 _a616.8
_bW-81
100 _9388
_aWolf,K.John
245 _aThe classical brain stem syndromes
260 _aFlorida
_bThomas books
_c1971
300 _a166
_bill
365 _b9.50 usd
650 0 _9100
_aNeurology
653 _aნევროლოგია
653 _aთავის ტვინი
942 _2udc
_cBK
999 _c467
_d467